Statistics for Countries with the highest amount of Letter-Points

Click here to take the quiz!

General Stats

  • This quiz has been taken 20 times
  • The average score is 16 of 20

Answer Stats

#Country% Correct
168Dominican Republic
100%
298Saint Vincent and the Grenadines
100%
157United States
100%
285Democratic Republic of the Congo
94%
194Republic of the Congo
94%
230Saint Kitts and Nevis
94%
209Bosnia and Herzegovina
88%
279Federated States of Micronesia
88%
162Marshall Islands
88%
185United Arab Emirates
88%
181Solomon Islands
82%
211Central African Republic
76%
154Papua New Guinea
76%
197São Tomé and Princípe
76%
158Trinidad and Tobago
76%
177Northern Macedonia
71%
176Equatorial Guinea
59%
165Turkmenistan
59%
166Kyrgyzstan
53%
151Switzerland
53%

Score Distribution

Percentile by Number Answered

Percent of People with Each Score

Your Score History

You have not taken this quiz